| 000 | 00676nam a2200205 a 4500 | ||
|---|---|---|---|
| 005 | 20240924070112.0 | ||
| 008 | 991125s1970 mx 000 0 spa u | ||
| 020 | _a9684198175 | ||
| 035 | _aUPN01000012292 | ||
| 049 | _aCG | ||
| 050 | 4 |
_aHX39.51 K7 _bM3.38 |
|
| 100 | 1 |
_aMarx, Karl, _d1818-1883 |
|
| 245 | 1 | 0 |
_aCrítica de la filosofía del estado de Hegel / _cCarlos Marx ; pról. Adolfo Sánchez Vázquez ; tr. Antonio Encinares P. |
| 260 |
_aMéxico : _bGrijalbo, _c1970. |
||
| 300 | _a158 p. | ||
| 440 | 0 | _aClásicos del marxismo | |
| 600 | 1 | 4 |
_aHEGEL, GEORG WILHELM FRIEDRICH, _d1770-1831 - _xCRITICA E INTERPRETACION _914130 |
| 650 | 4 |
_aEstado _96019 |
|
| 905 | _aLibro | ||
| 999 |
_c12292 _d12292 |
||